Seulgi In Every MV - Statistics

General Stats
  • This quiz has been taken 18 times
  • The average score is 17 of 26
Answer Stats
Picture Answer % Correct
Happiness
94%
Psycho
94%
Russian Roulette
94%
Cosmic
88%
Feel My Rhythm
88%
Monster
88%
Naughty
88%
Peek-A-Boo
88%
Bad Boy
81%
Dumb Dumb
81%
Queendom
81%
28 Reasons
75%
Ice Cream Cake
75%
Power Up
75%
Red Flavor
75%
Birthday
63%
Chill Kill
63%
Wildside
56%
Automatic
50%
One Of These Nights
50%
Rookie
38%
Sappy
31%
Umpah Umpah
31%
Zimzalabim
25%
#Cookie Jar
19%
RBB (Really Bad Boy)
6%
No matching quizzes found
Score Distribution
Percent of People with Each Score
Percentile by Number Answered
Your Score History
You have not taken this quiz